[Event "Thanksgiving op"]
[Site "Winnipeg CAN"]
[Date "2001.08.07"]
[Round "?"]
[White "Curtis, Rory"]
[Black "Shome, Devarshi"]
[Result "1-0"]
[WhiteElo "1742"]
[BlackElo "100"]
[PlyCount "57"]
[GameId "2160767911555389"]
[EventDate "2001.08.??"]
[EventType "swiss"]
[EventRounds "5"]
[EventCountry "CAN"]
[SourceTitle "EXT 2005"]
[Source "ChessBase"]
[SourceDate "2004.11.15"]
[SourceVersion "1"]
[SourceVersionDate "2004.11.15"]
[SourceQuality "1"]

1. d4 e6 2. c4 b6 3. e4 Bb7 4. Bd3 c5 5. d5 exd5 6. cxd5 Nf6 7. Nf3 d6 8. O-O Nbd7 9. Nc3 Ng4 10. Nb5 Nde5 11. Nxe5 Nxe5 12. f4 Nxd3 13. Qxd3 g6 14. Qc3 Qe7 15. Nxd6+ Qxd6 16. Qxh8 O-O-O 17. Qxh7 Rd7 18. Qh3 Ba6 19. Rd1 c4 20. Be3 Qb4 21. b3 c3 22. Rac1 Bg7 23. e5 Be2 24. Rd4 Qa3 25. Rxc3+ Kd8 26. Rc2 Bb5 27. Rd1 Bf8 28. d6 f6 29. Rdc1 1-0

[Event "Thanksgiving op"]
[Site "Winnipeg CAN"]
[Date "2001.08.07"]
[Round "?"]
[White "Czarny, Keith"]
[Black "Gentes, Kevin"]
[Result "0-1"]
[WhiteElo "1687"]
[BlackElo "2374"]
[PlyCount "48"]
[GameId "2160767911555390"]
[EventDate "2001.08.??"]
[EventType "swiss"]
[EventRounds "5"]
[EventCountry "CAN"]
[SourceTitle "EXT 2005"]
[Source "ChessBase"]
[SourceDate "2004.11.15"]
[SourceVersion "1"]
[SourceVersionDate "2004.11.15"]
[SourceQuality "1"]

1. c4 c5 2. Nf3 Nf6 3. b3 d6 4. Bb2 e5 5. Nc3 Nc6 6. d3 g6 7. g3 Bg7 8. Bg2 O-O 9. O-O Nh5 10. Nd5 e4 11. Bxg7 exf3 12. Bxf8 fxg2 13. Kxg2 Qxf8 14. Qd2 Be6 15. e4 Qc8 16. Rfe1 Bh3+ 17. Kg1 Qg4 18. f3 Qxf3 19. Re2 Ne5 20. Rf2 Qxd3 21. Qb2 Qxe4 22. Rf4 Nf3+ 23. Kf2 Nxf4 24. gxf4 Qd4+ 0-1

[Event "Thanksgiving op"]
[Site "Winnipeg CAN"]
[Date "2001.08.07"]
[Round "?"]
[White "Gentes, Kevin"]
[Black "Curtis, Rory"]
[Result "1-0"]
[WhiteElo "2374"]
[BlackElo "1742"]
[PlyCount "61"]
[GameId "2160767911555391"]
[EventDate "2001.08.??"]
[EventType "swiss"]
[EventRounds "5"]
[EventCountry "CAN"]
[SourceTitle "EXT 2005"]
[Source "ChessBase"]
[SourceDate "2004.11.15"]
[SourceVersion "1"]
[SourceVersionDate "2004.11.15"]
[SourceQuality "1"]

1. d4 Nf6 2. c4 e6 3. g3 Bb4+ 4. Nc3 Bxc3+ 5. bxc3 d5 6. Ba3 Ne4 7. Qc2 Nd6 8. c5 Nc4 9. Bc1 c6 10. Nf3 Nd7 11. e4 Qf6 12. Be2 h6 13. O-O O-O 14. e5 Qg6 15. Bd3 f5 16. exf6 Qxf6 17. Nh4 e5 18. Be3 Na3 19. Qb3 e4 20. Bxe4 Kf7 21. Bd3 g5 22. Ng2 Nb5 23. f4 g4 24. f5 a6 25. Bf4 Nxd4 26. cxd4 Qxd4+ 27. Be3 Qf6 28. Rac1 Ne5 29. Nh4 Bd7 30. Bd4 Nf3+ 31. Nxf3 1-0

[Event "Thanksgiving op"]
[Site "Winnipeg CAN"]
[Date "2001.08.07"]
[Round "?"]
[White "Gentes, Kevin"]
[Black "Tetrault, Charles"]
[Result "1-0"]
[WhiteElo "2374"]
[BlackElo "1598"]
[PlyCount "29"]
[GameId "2160767911555392"]
[EventDate "2001.08.??"]
[EventType "swiss"]
[EventRounds "5"]
[EventCountry "CAN"]
[SourceTitle "EXT 2005"]
[Source "ChessBase"]
[SourceDate "2004.11.15"]
[SourceVersion "1"]
[SourceVersionDate "2004.11.15"]
[SourceQuality "1"]

1. d4 d5 2. c4 e5 3. dxe5 d4 4. e4 Nc6 5. f4 Bc5 6. a3 a5 7. Bd3 Nge7 8. Qh5 Be6 9. Nf3 Ng6 10. O-O O-O 11. f5 Ngxe5 12. fxe6 Nxd3 13. Ng5 h6 14. exf7+ Kh8 15. Qg6 1-0

[Event "Thanksgiving op"]
[Site "Winnipeg CAN"]
[Date "2001.08.07"]
[Round "?"]
[White "Hou, Jeff"]
[Black "Trueman, Francis"]
[Result "1/2-1/2"]
[WhiteElo "1379"]
[BlackElo "1450"]
[PlyCount "67"]
[GameId "2160767911555393"]
[EventDate "2001.08.??"]
[EventType "swiss"]
[EventRounds "5"]
[EventCountry "CAN"]
[SourceTitle "EXT 2005"]
[Source "ChessBase"]
[SourceDate "2004.11.15"]
[SourceVersion "1"]
[SourceVersionDate "2004.11.15"]
[SourceQuality "1"]

1. e4 c6 2. d4 d5 3. Nc3 dxe4 4. Nxe4 Nd7 5. Nf3 Ndf6 6. Bd3 Nxe4 7. Bxe4 Nf6 8. Bd3 Bg4 9. Be2 e6 10. h3 Bh5 11. O-O Bd6 12. Ne1 Bxe2 13. Qxe2 O-O 14. f4 Qc7 15. Bd2 c5 16. dxc5 Bxc5+ 17. Be3 Bd6 18. Rd1 Nd5 19. Nd3 Rfe8 20. c3 Rad8 21. Rf3 b6 22. Qf2 Nf6 23. Bd4 Ne4 24. Qe2 f5 25. Nf2 Bc5 26. Rfd3 Bxd4 27. cxd4 Rc8 28. R3d2 Qd8 29. d5 exd5 30. Rxd5 Qe7 31. Rd7 Qf6 32. R1d6 Re6 33. Rd1 Rce8 34. Rxa7 1/2-1/2

[Event "Thanksgiving op"]
[Site "Winnipeg CAN"]
[Date "2001.08.07"]
[Round "?"]
[White "Mu, Yuchen"]
[Black "Gentes, Kevin"]
[Result "0-1"]
[WhiteElo "1597"]
[BlackElo "2374"]
[PlyCount "50"]
[GameId "2160767911555394"]
[EventDate "2001.08.??"]
[EventType "swiss"]
[EventRounds "5"]
[EventCountry "CAN"]
[SourceTitle "EXT 2005"]
[Source "ChessBase"]
[SourceDate "2004.11.15"]
[SourceVersion "1"]
[SourceVersionDate "2004.11.15"]
[SourceQuality "1"]

1. e4 c5 2. Nf3 e6 3. d4 cxd4 4. Nxd4 a6 5. Nc3 Qc7 6. Be3 Bb4 7. Nde2 Nf6 8. f3 d5 9. exd5 Nxd5 10. Bd2 O-O 11. Nxd5 Bxd2+ 12. Qxd2 exd5 13. O-O-O Nc6 14. Nd4 Be6 15. Kb1 Rac8 16. Rc1 Qb6 17. Nb3 d4 18. g4 a5 19. Rd1 a4 20. Nc1 a3 21. b3 Nb4 22. Bd3 Nd5 23. Rde1 Nc3+ 24. Ka1 Bd5 25. Rhf1 Qb4 0-1

[Event "Thanksgiving op"]
[Site "Winnipeg CAN"]
[Date "2001.08.07"]
[Round "?"]
[White "Shome, Devarshi"]
[Black "Czarny, Keith"]
[Result "0-1"]
[WhiteElo "100"]
[BlackElo "1687"]
[PlyCount "53"]
[GameId "2160767911555396"]
[EventDate "2001.08.??"]
[EventType "swiss"]
[EventRounds "5"]
[EventCountry "CAN"]
[SourceTitle "EXT 2005"]
[Source "ChessBase"]
[SourceDate "2004.11.15"]
[SourceVersion "1"]
[SourceVersionDate "2004.11.15"]
[SourceQuality "1"]

1. e4 e6 2. d4 d5 3. Nd2 Nf6 4. e5 Nfd7 5. Bd3 c5 6. c3 Nc6 7. Ne2 Be7 8. Nf3 Qb6 9. O-O Nf8 10. Qc2 c4 11. Be3 cxd3 12. Qxd3 Bd7 13. b4 Nd8 14. Bg5 Bxg5 15. Nxg5 Bb5 16. Qe3 Bxe2 17. Qxe2 Ng6 18. Rab1 h6 19. Nf3 O-O 20. g3 f6 21. Qd3 fxe5 22. Nxe5 Nxe5 23. dxe5 Rc8 24. Qd4 Qxd4 25. cxd4 Rf7 26. Rfc1 Rxc1+ 27. Rxc1 0-1

[Event "Toronto Class ch U1400"]
[Site "Toronto CAN"]
[Date "2001.03.10"]
[Round "2"]
[White "Wu, Justin"]
[Black "Tolev, Svetoslav"]
[Result "0-1"]
[WhiteElo "100"]
[BlackElo "1233"]
[PlyCount "56"]
[GameId "2160767911610329"]
[EventDate "2001.03.09"]
[EventType "swiss"]
[EventRounds "5"]
[EventCountry "CAN"]

1. e4 e5 2. Nf3 Nc6 3. c3 Nf6 4. Qc2 Bc5 5. b4 Bb6 6. Bb2 d5 7. exd5 Qxd5 8. c4 Nxb4 9. Qb3 Qe4+ 10. Kd1 Bg4 11. Be2 a5 12. Nc3 Qf5 13. h3 Bxf3 14. Bxf3 Nd3 15. Rf1 Nxf2+ 16. Ke1 O-O-O 17. Rxf2 Bxf2+ 18. Kxf2 Rxd2+ 19. Kg1 e4 20. Bc1 Qc5+ 21. Kh2 exf3 22. Bxd2 Qf2 23. Rg1 Qxd2 24. Kg3 Re8 25. gxf3 Nh5+ 26. Kg4 Qf4+ 27. Kxh5 Re5+ 28. Rg5 Qxg5# 0-1

[Event "Toronto Class ch U2200"]
[Site "Toronto CAN"]
[Date "2001.03.10"]
[Round "2"]
[White "Nagy, Julius"]
[Black "Haziprodromu, Sam"]
[Result "0-1"]
[WhiteElo "1764"]
[BlackElo "1974"]
[PlyCount "100"]
[GameId "2160767911610330"]
[EventDate "2001.03.09"]
[EventType "swiss"]
[EventRounds "5"]
[EventCountry "CAN"]

1. e4 e5 2. f4 d5 3. exd5 e4 4. Nc3 Nf6 5. d3 Bb4 6. Bd2 e3 7. Bxe3 O-O 8. Bd2 Bxc3 9. Bxc3 Nxd5 10. Qd2 Re8+ 11. Ne2 Ne3 12. Kf2 Qh4+ 13. g3 Ng4+ 14. Kg1 Qh5 15. Re1 Nc6 16. Nd4 Bd7 17. Nxc6 Bxc6 18. Bg2 Qc5+ 19. d4 Qb6 20. Bxc6 Qxc6 21. h3 Rxe1+ 22. Qxe1 Re8 23. Qxe8+ Qxe8 24. hxg4 Qe2 25. g5 Qxc2 26. a3 Kf8 27. Rh2 Qd1+ 28. Kg2 Ke7 29. Rh1 Qc2+ 30. Kf3 Kd7 31. Re1 b6 32. Re3 a5 33. Re5 c6 34. Re2 Qd1 35. Kf2 Kd6 36. Re5 f6 37. gxf6 gxf6 38. Re2 Kd5 39. Re7 h5 40. Rd7+ Ke4 41. Re7+ Kf5 42. Rc7 Qh1 43. Rd7 h4 44. gxh4 Qxh4+ 45. Ke2 Qg4+ 46. Kd3 Kxf4 47. Bd2+ Kf3 48. Rd6 Qe4+ 49. Kc4 f5 50. Kc3 Ke2 0-1

[Event "Toronto Class ch U2200"]
[Site "Toronto CAN"]
[Date "2001.03.10"]
[Round "3"]
[White "Dutton, Warren"]
[Black "Vadachkoriya, Irakli"]
[Result "1-0"]
[WhiteElo "2097"]
[BlackElo "1999"]
[PlyCount "47"]
[GameId "2160767911610331"]
[EventDate "2001.03.09"]
[EventType "swiss"]
[EventRounds "5"]
[EventCountry "CAN"]

1. Nf3 d5 2. c4 dxc4 3. Qa4+ Bd7 4. Qxc4 Nc6 5. d4 e6 6. a3 Nf6 7. Nc3 Be7 8. e4 Na5 9. Qa2 Ba4 10. Nxa4 Nxe4 11. Bd3 Nf6 12. O-O O-O 13. b4 Nc6 14. Rd1 a6 15. Nc5 b6 16. Nxe6 fxe6 17. Qxe6+ Kh8 18. Qxc6 Bd6 19. h3 Nh5 20. Qe4 Nf6 21. Qh4 h6 22. Bxh6 gxh6 23. Qxh6+ Kg8 24. Bc4+ 1-0

[Event "Toronto Class ch U2200"]
[Site "Toronto CAN"]
[Date "2001.03.10"]
[Round "3"]
[White "Haziprodromu, Sam"]
[Black "Thorvardson, Barry"]
[Result "1-0"]
[WhiteElo "1974"]
[BlackElo "2075"]
[PlyCount "76"]
[GameId "2160767911610332"]
[EventDate "2001.03.09"]
[EventType "swiss"]
[EventRounds "5"]
[EventCountry "CAN"]

1. e4 c5 2. d4 cxd4 3. c3 dxc3 4. Nxc3 g6 5. Nf3 Bg7 6. Bc4 Qc7 7. Qb3 e6 8. Nb5 Qc6 9. O-O a6 10. Qa3 Bf8 11. Qc3 f6 12. Nbd4 Qc5 13. Qd3 b5 14. Bb3 e5 15. Be3 exd4 16. Rac1 dxe3 17. Rxc5 exf2+ 18. Kh1 Bxc5 19. Qd5 Nc6 20. Qxc5 Nge7 21. Rxf2 Bb7 22. e5 Rf8 23. e6 d5 24. h3 Rd8 25. Kh2 Bc8 26. Re2 h5 27. Bc2 g5 28. Bg6+ Nxg6 29. Qxc6+ Bd7 30. exd7+ Kf7 31. Qe6+ Kg7 32. Nd4 Nf4 33. Qe7+ Kg6 34. Re3 h4 35. Rc3 b4 36. Rc6 b3 37. axb3 g4 38. hxg4 a5 1-0

[Event "Toronto Class ch U2200"]
[Site "Toronto CAN"]
[Date "2001.03.11"]
[Round "4"]
[White "Bergeron, Florian"]
[Black "Dutton, Warren"]
[Result "0-1"]
[WhiteElo "2031"]
[BlackElo "2209"]
[PlyCount "104"]
[GameId "2160767911610333"]
[EventDate "2001.03.09"]
[EventType "swiss"]
[EventRounds "5"]
[EventCountry "CAN"]

1. d4 Nf6 2. c4 g6 3. Nc3 Bg7 4. e4 d6 5. Nf3 O-O 6. Be2 c5 7. O-O cxd4 8. Nxd4 Nbd7 9. Be3 Nc5 10. f3 a5 11. b3 Ra6 12. Rb1 h5 13. a3 Bd7 14. b4 axb4 15. axb4 Na4 16. Nxa4 Rxa4 17. c5 Ra3 18. Bc1 Ra8 19. cxd6 exd6 20. Kh1 Re8 21. Nb5 Bxb5 22. Bxb5 Re5 23. Bd3 h4 24. Bb2 Rh5 25. Qb3 d5 26. Rfd1 b6 27. exd5 Qd6 28. Rbc1 Rd8 29. Be4 Qf4 30. d6 Nxe4 31. fxe4 h3 32. Qc2 hxg2+ 33. Qxg2 Rg5 34. Qe2 Bxb2 35. Rc2 Bf6 36. d7 Kg7 37. Rf1 Qd6 38. Rd1 Qe6 39. Rcd2 Be7 40. Qd3 Re5 41. Qd4 f6 42. Re2 Qc6 43. Rd3 Re6 44. Rg3 Rxd7 45. Qg1 f5 46. Reg2 f4 47. Qa1+ Kf7 48. Rh3 Bf6 49. Rh7+ Kg8 50. e5 Kxh7 51. exf6 Rxf6 52. b5 Qd6 0-1

[Event "Toronto ch"]
[Site "Toronto CAN"]
[Date "2001.01.10"]
[Round "1"]
[White "Bergeron, Florian"]
[Black "Rakhinshteyn, Fima"]
[Result "0-1"]
[WhiteElo "2021"]
[BlackElo "2262"]
[PlyCount "129"]
[GameId "2160767911618755"]
[EventDate "2001.01.10"]
[EventType "tourn"]
[EventRounds "11"]
[EventCountry "CAN"]

1. d4 d5 2. c4 Bf5 3. cxd5 Bxb1 4. Rxb1 Qxd5 5. b3 e5 6. e3 Nc6 7. Nf3 exd4 8. Nxd4 Nxd4 9. Qxd4 Qxd4 10. exd4 O-O-O 11. Bc4 Bb4+ 12. Bd2 Bxd2+ 13. Kxd2 Rxd4+ 14. Kc3 Rd7 15. Rbd1 Nh6 16. Rxd7 Kxd7 17. Rd1+ Kc8 18. Re1 Rf8 19. Bd3 g6 20. f3 Kd7 21. Re4 Ng8 22. Rd4+ Kc8 23. Bc4 Ne7 24. Rf4 Nf5 25. h4 Nd6 26. Bd3 Re8 27. h5 Re5 28. hxg6 hxg6 29. Rh4 Kd7 30. Rh7 Ke7 31. Bxg6 Rg5 32. Bc2 Rxg2 33. a4 Rg3 34. Bd1 Ne4+ 35. Kb4 Ng5 36. Rh8 Nxf3 37. Rb8 b6 38. Rb7 a5+ 39. Kb5 Kd7 40. Rb8 Rg5+ 41. Ka6 Nd4 42. Rf8 Ke7 43. Rc8 Ne6 44. Be2 Nc5+ 45. Ka7 Kd7 46. Kb8 Ne6 47. Bc4 Rc5 48. Bb5+ Ke7 49. Bc4 f5 50. Rh8 f4 51. Rh7+ Kd6 52. Rh6 Rxc4 53. bxc4 Ke5 54. Kc8 f3 55. Kd7 Nc5+ 56. Kxc7 Nxa4 57. Kc6 f2 58. Rh1 Kd4 59. Kb5 Nc5 60. Kxb6 a4 61. Kb5 a3 62. Rd1+ Nd3 63. c5 Ke3 64. c6 Ne1 65. c7 0-1

[Event "Toronto ch"]
[Site "Toronto CAN"]
[Date "2001.01.10"]
[Round "1"]
[White "Campbell, Brett"]
[Black "Berengolts, Isai"]
[Result "1-0"]
[WhiteElo "2240"]
[BlackElo "2231"]
[PlyCount "115"]
[GameId "2160767911618756"]
[EventDate "2001.01.10"]
[EventType "tourn"]
[EventRounds "11"]
[EventCountry "CAN"]
[SourceTitle "EXT 2003"]
[Source "ChessBase"]
[SourceDate "2002.11.25"]
[SourceVersion "1"]
[SourceVersionDate "2002.11.25"]
[SourceQuality "1"]

1. c4 e6 2. Nf3 f5 3. Nc3 Nf6 4. g3 b6 5. Bg2 Bb7 6. d4 Bb4 7. Bd2 O-O 8. O-O Qe7 9. Rc1 d6 10. d5 e5 11. Ng5 Bc8 12. Nb5 Bxd2 13. Qxd2 a6 14. Nc3 e4 15. f3 h6 16. Ne6 Bxe6 17. dxe6 Qxe6 18. fxe4 Nxe4 19. Nxe4 fxe4 20. Rxf8+ Kxf8 21. Qf4+ Ke7 22. Bxe4 g5 23. Qf3 c6 24. Rc3 Nd7 25. Bxc6 Ne5 26. Qd5 Rf8 27. Qxe6+ Kxe6 28. Bd5+ Kd7 29. b4 Rc8 30. Bb7 Rxc4 31. Rxc4 Nxc4 32. Bxa6 Ne3 33. Kf2 Ng4+ 34. Kg2 Ne5 35. Bb5+ Ke6 36. a4 Kd5 37. h4 Kd4 38. hxg5 hxg5 39. a5 bxa5 40. bxa5 Kc5 41. a6 Kb6 42. e4 Nf7 43. Kf2 Nd8 44. Kf3 Ne6 45. Bc4 Nc5 46. Ke3 Nd7 47. Kd4 Kc6 48. Bd5+ Kb6 49. Bb7 Nf6 50. e5 dxe5+ 51. Kxe5 Nh5 52. g4 Nf4 53. Kf5 Nh3 54. Bg2 Ng1 55. Kxg5 Kxa6 56. Bf1+ Kb6 57. Kf4 Kc5 58. Kg3 1-0

[Event "Toronto ch"]
[Site "Toronto CAN"]
[Date "2001.01.10"]
[Round "1"]
[White "Mitrovic, Bojana"]
[Black "Miller, Evgeny"]
[Result "1-0"]
[WhiteElo "2098"]
[BlackElo "2083"]
[PlyCount "67"]
[GameId "2160767911618757"]
[EventDate "2001.01.10"]
[EventType "tourn"]
[EventRounds "11"]
[EventCountry "CAN"]
[SourceTitle "EXT 2003"]
[Source "ChessBase"]
[SourceDate "2002.11.25"]
[SourceVersion "1"]
[SourceVersionDate "2002.11.25"]
[SourceQuality "1"]

1. Nf3 d5 2. g3 Nf6 3. Bg2 c6 4. O-O Bf5 5. b3 e6 6. c4 Nbd7 7. d3 Be7 8. Bb2 O-O 9. Nbd2 a5 10. a3 Rb8 11. Rc1 b5 12. Nd4 Qb6 13. cxd5 cxd5 14. Rc6 Qb7 15. Nxf5 exf5 16. Qc2 Bd8 17. Nf3 Re8 18. Rc1 Bb6 19. Bd4 Rbd8 20. Bxb6 Nxb6 21. Nd4 f4 22. Nxb5 fxg3 23. hxg3 Nc8 24. Nd4 Qe7 25. Nf5 Qd7 26. Bh3 Qb7 27. Rxc8 Rxc8 28. Qxc8 Qxb3 29. Qc3 Qb6 30. Qc7 Qb2 31. Nd6 Rf8 32. Qxf7+ Rxf7 33. Rc8+ Rf8 34. Be6+ 1-0

[Event "Toronto ch"]
[Site "Toronto CAN"]
[Date "2001.01.10"]
[Round "1"]
[White "Perovic, Bozidar"]
[Black "Dutton, Warren"]
[Result "0-1"]
[WhiteElo "2002"]
[BlackElo "2025"]
[PlyCount "150"]
[GameId "2160767911618758"]
[EventDate "2001.01.10"]
[EventType "tourn"]
[EventRounds "11"]
[EventCountry "CAN"]
[SourceTitle "EXT 2003"]
[Source "ChessBase"]
[SourceDate "2002.11.25"]
[SourceVersion "1"]
[SourceVersionDate "2002.11.25"]
[SourceQuality "1"]

1. d4 d5 2. c3 Nf6 3. Nf3 h6 4. Bf4 Bf5 5. h3 e6 6. e3 c6 7. Bd3 Bxd3 8. Qxd3 Qb6 9. b3 Nbd7 10. O-O Be7 11. Nbd2 O-O 12. e4 dxe4 13. Nxe4 Nd5 14. Bh2 f5 15. Ned2 Bf6 16. Rfe1 c5 17. Nc4 Qa6 18. Bd6 Rfe8 19. dxc5 Bxc3 20. Rxe6 Rxe6 21. Qxd5 Rae8 22. Rc1 Nf6 23. Qd3 Bb4 24. a3 Ba5 25. Qxf5 Bd8 26. Nfe5 b5 27. cxb6 axb6 28. Qg6 Qb7 29. a4 Ne4 30. Qh5 Bg5 31. Rd1 Rd8 32. Ba3 Rxd1+ 33. Qxd1 Bf6 34. Qg4 Qd5 35. f4 Re8 36. Qd7 Qxd7 37. Nxd7 Bd4+ 38. Kh2 Rd8 39. Ncxb6 Bf2 40. a5 Bg3+ 41. Kg1 Nc3 42. Bb4 Nb5 43. Bd2 Kf7 44. Kf1 Ke6 45. a6 g6 46. Be3 Kf5 47. Ke2 h5 48. Kf3 h4 49. b4 Be1 50. Bc5 Bc3 51. Ne5 Bxe5 52. fxe5 Rd3+ 53. Ke2 Ra3 54. Nc8 Rxa6 55. Nd6+ Nxd6 56. Bxd6 Ke4 57. Kd2 Ra2+ 58. Kc3 Kd5 59. Be7 Rxg2 60. Bxh4 Rh2 61. Bf6 Rxh3+ 62. Kb2 Rf3 63. Kc2 Kc4 64. Be7 Rf2+ 65. Kd1 Kd3 66. Kc1 Re2 67. Bd6 Re1+ 68. Kb2 Kc4 69. Kc2 g5 70. Kd2 Re4 71. Kd1 g4 72. Kd2 g3 73. b5 Kxb5 74. Kd3 Re1 75. e6 g2 0-1

[Event "Toronto ch"]
[Site "Toronto CAN"]
[Date "2001.01.10"]
[Round "1"]
[White "Preisman, Henry"]
[Black "Bryskine, Marina"]
[Result "1/2-1/2"]
[WhiteElo "2030"]
[BlackElo "2118"]
[PlyCount "147"]
[GameId "2160767911618759"]
[EventDate "2001.01.10"]
[EventType "tourn"]
[EventRounds "11"]
[EventCountry "CAN"]

1. e4 e5 2. Nf3 Nc6 3. Bc4 Bc5 4. c3 d6 5. d4 exd4 6. cxd4 Bb4+ 7. Bd2 Bxd2+ 8. Nbxd2 Nf6 9. O-O O-O 10. Re1 d5 11. Bb3 dxe4 12. Nxe4 Bg4 13. d5 Na5 14. Qd4 Nxe4 15. Qxe4 Nxb3 16. axb3 Bxf3 17. Qxf3 Qd6 18. h3 a6 19. Rac1 h6 20. Qg3 Qxd5 21. Rxc7 Rfe8 22. Ree7 Rxe7 23. Rxe7 Rc8 24. Re5 Qd2 25. Qe3 Qd1+ 26. Kh2 Qd6 27. Kg1 Qc6 28. Qe4 Qxe4 29. Rxe4 Rc1+ 30. Kh2 Rc2 31. Re8+ Kh7 32. Re7 Rxf2 33. Rxb7 Rxb2 34. Ra7 Rxb3 35. Rxa6 g6 36. Ra7 Kg7 37. Ra6 Re3 38. Kg1 g5 39. Kf2 Rb3 40. Ra7 Kg6 41. Ra6+ f6 42. Ra8 h5 43. Ra6 g4 44. hxg4 hxg4 45. Ra8 g3+ 46. Kf1 Kg5 47. Ra5+ Kf4 48. Ke2 Rb2+ 49. Kf1 Rf2+ 50. Kg1 Rd2 51. Kf1 Ke3 52. Ra3+ Rd3 53. Ra1 f5 54. Rb1 f4 55. Ra1 Rb3 56. Re1+ Kd2 57. Ra1 Rb2 58. Re1 Rb8 59. Ra1 Rd8 60. Ra2+ Ke3 61. Re2+ Kd3 62. Ra2 Rc8 63. Ra3+ Rc3 64. Ra1 Kc2 65. Ra4 Kd2 66. Ra2+ Kd3 67. Ra1 Kd2 68. Ra2+ Ke3 69. Ra1 f3 70. gxf3 Kxf3 71. Kg1 Kg4 72. Ra4+ Kh3 73. Ra1 g2 74. Rb1 1/2-1/2

[Event "Toronto ch"]
[Site "Toronto CAN"]
[Date "2001.01.10"]
[Round "1"]
[White "Veltmann, Martin"]
[Black "Verma, Tony"]
[Result "1-0"]
[WhiteElo "2058"]
[BlackElo "2018"]
[PlyCount "83"]
[GameId "2160767911618760"]
[EventDate "2001.01.10"]
[EventType "tourn"]
[EventRounds "11"]
[EventCountry "CAN"]

1. c4 e5 2. Nc3 b6 3. Nf3 Nc6 4. g3 Bb7 5. Bg2 Rb8 6. O-O Nf6 7. d3 h6 8. a3 a5 9. e3 Be7 10. d4 exd4 11. exd4 O-O 12. d5 Na7 13. Nh4 Ba6 14. b3 Nh7 15. Nf5 Bf6 16. Nd4 Re8 17. a4 c5 18. Nde2 d6 19. Ra2 Rb7 20. Ne4 Rbe7 21. Nxf6+ Nxf6 22. Nc3 Bc8 23. f3 Bf5 24. g4 Bh7 25. g5 hxg5 26. Bxg5 Re5 27. h4 Qd7 28. Bxf6 gxf6 29. Ne4 Qe7 30. Qc1 f5 31. Ng5 Bg6 32. Qf4 Nc8 33. Qg3 Kh8 34. Qf4 Re1 35. h5 Rxf1+ 36. Bxf1 f6 37. Ne6 Bxh5 38. Qh6+ Qh7 39. Qxf6+ Kg8 40. Rg2+ Bg4 41. fxg4 f4 42. Rh2 1-0

[Event "Toronto ch"]
[Site "Toronto CAN"]
[Date "2001.01.12"]
[Round "2"]
[White "Dutton, Warren"]
[Black "Veltmann, Martin"]
[Result "0-1"]
[WhiteElo "2027"]
[BlackElo "2058"]
[PlyCount "114"]
[GameId "2160767911618761"]
[EventDate "2001.01.10"]
[EventType "tourn"]
[EventRounds "11"]
[EventCountry "CAN"]
[SourceTitle "EXT 2003"]
[Source "ChessBase"]
[SourceDate "2002.11.25"]
[SourceVersion "1"]
[SourceVersionDate "2002.11.25"]
[SourceQuality "1"]

1. e4 c5 2. Nc3 Nc6 3. g3 g6 4. Bg2 Bg7 5. d3 e6 6. Be3 d6 7. Qd2 Nge7 8. Nge2 Nd4 9. Nc1 O-O 10. Nd1 e5 11. c3 Ne6 12. h4 h5 13. Bh6 Kh7 14. Bxg7 Nxg7 15. a4 a6 16. Ne3 Be6 17. Ne2 d5 18. exd5 Nxd5 19. Nc4 f6 20. a5 Qe7 21. O-O Rad8 22. Qc2 Rd7 23. Rae1 Nf5 24. Qc1 Qd8 25. Kh2 b5 26. axb6 Nxb6 27. Nxb6 Qxb6 28. Rd1 Rfd8 29. Be4 Nh6 30. Qb1 f5 31. Bg2 Bb3 32. Rd2 Ng4+ 33. Kh1 e4 34. Nf4 exd3 35. Qe1 Bf7 36. Bf3 Re8 37. Qd1 c4 38. Qa4 Rde7 39. Kg2 Ne5 40. Nd5 Bxd5 41. Bxd5 Qc5 42. Bb7 Rb8 43. b4 cxb3 44. Bxa6 Qd5+ 45. Kh3 b2 46. Rb1 f4 47. f3 fxg3 48. f4 Qe6+ 49. Kg2 Qd5+ 50. Kh3 Ng4 51. Bc4 Qf3 52. Bd5 Qxd5 53. Qa3 Rbe8 54. Rg2 Ne3 55. Rxg3 Qf5+ 56. Kh2 d2 57. Qxb2 Nd1 0-1

[Event "Toronto ch"]
[Site "Toronto CAN"]
[Date "2001.01.12"]
[Round "2"]
[White "Miller, Evgeny"]
[Black "Campbell, Brett"]
[Result "0-1"]
[WhiteElo "2083"]
[BlackElo "2240"]
[PlyCount "150"]
[GameId "2160767911618762"]
[EventDate "2001.01.10"]
[EventType "tourn"]
[EventRounds "11"]
[EventCountry "CAN"]
[SourceTitle "EXT 2003"]
[Source "ChessBase"]
[SourceDate "2002.11.25"]
[SourceVersion "1"]
[SourceVersionDate "2002.11.25"]
[SourceQuality "1"]

1. d4 Nf6 2. c4 d6 3. Nc3 Nbd7 4. e4 e5 5. Nf3 c6 6. Be2 Be7 7. O-O a5 8. b3 O-O 9. Bb2 Re8 10. Qc2 Qc7 11. Rfd1 Nf8 12. Rac1 Ng6 13. g3 b6 14. Na4 c5 15. dxe5 dxe5 16. Nc3 Nd7 17. Nd5 Qb8 18. Rd2 Ra7 19. a4 Ndf8 20. h4 f6 21. Rcd1 Ne6 22. Bf1 Nd4 23. Qd3 Bd6 24. Re1 Ne7 25. Bg2 Nxd5 26. exd5 Nxf3+ 27. Qxf3 f5 28. Bh3 Rf7 29. Rde2 e4 30. Qg2 h5 31. f3 Bxg3 32. Rf1 e3 33. Bc1 Qf4 34. Kh1 Bxh4 35. Rg1 g5 36. Rf1 Rfe7 37. Bb2 Bf2 38. Bf6 Bh4 39. Rg1 Rg7 40. Bxg7 Kxg7 41. Rf1 Bg3 42. Rg1 h4 43. Qf1 Kg6 44. Reg2 Qe5 45. Qe2 Rd8 46. Rd1 Rd6 47. Rd3 Bf4 48. Qe1 Kh5 49. Re2 Bd7 50. Rdxe3 Bxe3 51. Rxe3 Qg3 52. Qxg3 hxg3 53. Re7 Kg6 54. Bf1 Kf6 55. Re1 f4 56. Bd3 Kf7 57. Re2 Rh6+ 58. Kg1 Rh2 59. Re1 Rd2 60. Bh7 Bh3 61. Be4 Kf6 62. Bb1 Rg2+ 63. Kh1 Rf2 64. Kg1 Rxf3 65. Be4 Re3 66. Rxe3 fxe3 67. Bd3 Ke5 68. Bf1 Bg4 69. Kg2 e2 70. Bxe2 Bxe2 71. Kxg3 Bd1 72. Kh3 Bxb3 73. Kg4 Bxc4 74. Kxg5 Bxd5 75. Kg4 Bc6 0-1

[Event "Toronto ch"]
[Site "Toronto CAN"]
[Date "2001.01.12"]
[Round "2"]
[White "Verma, Tony"]
[Black "Preisman, Henry"]
[Result "1/2-1/2"]
[WhiteElo "2018"]
[BlackElo "2030"]
[PlyCount "112"]
[GameId "2160767911618763"]
[EventDate "2001.01.10"]
[EventType "tourn"]
[EventRounds "11"]
[EventCountry "CAN"]
[SourceTitle "EXT 2003"]
[Source "ChessBase"]
[SourceDate "2002.11.25"]
[SourceVersion "1"]
[SourceVersionDate "2002.11.25"]
[SourceQuality "1"]

1. d4 d5 2. Nf3 Nf6 3. b3 Bf5 4. Bb2 e6 5. Nbd2 Nbd7 6. e3 Be7 7. Be2 O-O 8. O-O Bg6 9. c4 c5 10. cxd5 Nxd5 11. a3 Rc8 12. Nc4 Bf6 13. Bd3 cxd4 14. Bxg6 hxg6 15. Nxd4 N7b6 16. Rc1 Nxc4 17. Rxc4 Rxc4 18. bxc4 Nb6 19. Qb3 Qd7 20. c5 Nd5 21. Rc1 Rc8 22. Qc2 Ne7 23. Qb3 Qd5 24. Qb4 g5 25. h3 Ng6 26. Nb5 Bxb2 27. Qxb2 a6 28. Nd6 Rxc5 29. Rxc5 Qxc5 30. Nxb7 Qd5 31. Qb6 Nh4 32. Qd8+ Qxd8 33. Nxd8 Nf5 34. Nb7 Ne7 35. Nc5 a5 36. Nb3 Nc6 37. Kf1 Kf8 38. Ke2 Ke7 39. Kd3 Kd6 40. Kc4 g4 41. Kb5 gxh3 42. gxh3 f5 43. Nxa5 Nd8 44. Nc4+ Kd5 45. a4 Nb7 46. f3 g5 47. a5 Nxa5 48. Nxa5 e5 49. Nc4 e4 50. Nb6+ Ke5 51. Nd7+ Kd5 52. Nf6+ Ke5 53. fxe4 Kxf6 54. Kc4 g4 55. hxg4 fxg4 56. Kd3 Ke5 1/2-1/2